[Event "V Sunway Sitges Open 2018"]
[Site "Sitges"]
[Date "2018.12.23"]
[Round "10"]
[White "Gordievsky, Dmitry"]
[Black "Halkias, Stelios"]
[Result "1/2-1/2"]
[WhiteElo "2614"]
[BlackElo "2552"]
[Annotator "TA"]
[PlyCount "76"]
[EventDate "2018.12.14"]
[EventType "swiss"]
[EventCountry "ESP"]
[SourceTitle "playchess.com"]
[Source "ChessBase"]
[SourceQuality "1"]

{[%evp 20,76,0,0,0,-31,0,-13,-21,-40,-43,-53,-48,-83,-52,-83,-76,-83,-78,-77,-66,-80,0,-8,55,47,80,-20,0,0,-15,-26,0,-18,-9,-30,-32,-35,-7,-21,0,-23,-28,-70,0,-20,0,-24,-27,0,38,57,70,8,8,3,4,-16,0]} 1. d4 Nf6 2. Nf3 e6 3. e3 d5 4. Bd3 c5 5. O-O Nc6 6. b3 b6 {D05: Colle System with ...e6} 7. Bb2 Bb7 8. Ne5 Bd6 9. Nd2 O-O 10. a3 Rc8 (10... Ne7 11. dxc5 bxc5 12. c4 Ng6 13. Nxg6 hxg6 14. cxd5 exd5 {½-½ (40) Nakamura,H (2763)-Le,Q (2715) chess.com INT 2018}) 11. f4 {LiveBook: 56 Games} Ne7 12. Qf3 (12. Ng4 $5 {[%cal Rg4f6]} Nxg4 13. Qxg4 $11) 12... b5 {[#] ...c4 is the strong threat.} 13. dxc5 Bxc5 14. Kh1 Nf5 15. Rae1 {[#]} Bb6 $146 ({Predecessor:} 15... Rc7 16. Qh3 d4 17. exd4 Bxd4 18. Bxd4 Qxd4 {0-1 (41) Le,K (2291)-Hou,Y (2578) Beijing 2008}) 16. b4 Qe7 17. Qh3 Ne4 18. Nb3 f6 19. Ng4 Rc7 20. Bd4 Bxd4 (20... Bc8 $17) 21. exd4 $11 Rc3 (21... Qf7 $11) 22. Ne3 $14 Nfd6 23. Nd1 (23. Nc5 $16) 23... Rcc8 24. Nc5 f5 25. Qe3 Rf6 26. Kg1 Rh6 27. g3 Bc6 28. Nf2 Kh8 29. Ra1 Rg8 30. a4 bxa4 31. Nxa4 g5 {aiming for ...Rh4!} 32. Nc5 Rhg6 33. fxg5 (33. Ra6 {seems wilder.} gxf4 34. Qxf4 Nxg3 35. hxg3 Rxg3+ 36. Kh2) 33... Rxg5 34. Nh1 $1 Nc4 35. Bxc4 $1 dxc4 36. Nxe4 (36. Ra6 $14 Bd5 37. Nxe4 fxe4 38. c3) 36... Bxe4 $11 {The position is equal.} 37. Nf2 Bxc2 38. Rfe1 Qd6 {Accuracy: White = 32%, Black = 26%.} 1/2-1/2

[Event "V Sunway Sitges Open 2018"]
[Site "Sitges"]
[Date "2018.12.23"]
[Round "10"]
[White "Liang, Awonder"]
[Black "Inarkiev, Ernesto"]
[Result "0-1"]
[WhiteElo "2589"]
[BlackElo "2693"]
[Annotator "TA"]
[PlyCount "82"]
[EventDate "2018.12.14"]
[EventType "swiss"]
[EventCountry "ESP"]
[SourceTitle "playchess.com"]
[Source "ChessBase"]
[SourceQuality "1"]

{[%evp 16,82,16,11,11,20,52,48,56,59,72,50,52,52,43,0,6,9,8,-12,0,-27,-31,-32,-19,-22,-21,-52,-31,-42,-41,-99,-32,-105,-95,-91,-88,-88,-24,-25,-29,-78,-75,-87,-83,-84,-87,-104,-88,-88,-90,-93,-43,-117,-117,-119,-120,-113,-113,-136,-142,-245,-227,-264,-263,-264,-248,-327,-247]} 1. e4 c5 2. Nf3 d6 3. Bb5+ Nd7 4. Ba4 Ngf6 5. O-O e6 6. Qe2 a6 7. c3 b5 8. Bc2 Bb7 9. d4 {[%cal Bd2d4,Bd4e5][%mdl 32] LiveBook: 85 Games. B51: Sicilian: Moscow Variation (3 Bb5+) without 3...Bd7} Qc7 10. a4 Be7 11. e5 $146 {White is slightly better.} ({Predecessor:} 11. dxc5 Nxc5 12. axb5 O-O 13. Bg5 axb5 14. Nbd2 h6 15. Bh4 g5 16. e5 Rxa1 17. Rxa1 gxh4 18. exf6 Bxf6 {0-1 (56) Lintchevski,D (2450)-Kotanjian,T (2570) Plovdiv 2008}) 11... dxe5 12. dxe5 Nd5 13. axb5 axb5 14. Rxa8+ Bxa8 15. Qxb5 c4 16. Nbd2 N5b6 17. Re1 O-O {[#] Hoping for ...Bc6.} 18. Qa5 Bd5 19. Qa1 h6 (19... Ra8 $5 20. Qb1 $8 h6 $11) 20. Qb1 Ra8 21. Be4 Bxe4 22. Rxe4 Nc5 23. Re2 {[#]} (23. Rg4 $15) 23... Qd7 (23... Nd5 $1 $17 {...Nf4 is the strong threat.} 24. Ne4 (24. Nxc4 $2 Nb3 $19) 24... Nd3) 24. Nd4 (24. Nf1 $15) 24... Qa4 {[%mdl 1024] Black has strong compensation.} 25. Re1 Nd3 26. Rf1 Nd5 ({Better is} 26... Bc5 $17) 27. b3 $11 Qa1 28. Qxa1 Rxa1 29. bxc4 Nxc3 30. N2b3 Ra4 31. Be3 Rxc4 32. Nf3 g5 33. h3 Nd5 34. Rd1 (34. Bd4 $15) 34... Rc3 $36 {[%mdl 2048] Black has strong initiative.} 35. Nbd4 Nxe3 36. fxe3 Bc5 37. Kf1 Nb2 38. Rb1 (38. Re1 $17) 38... Nc4 $19 39. Rb8+ Kg7 40. Rb7 {And now Nxe6+ would win.} Kg6 ({Don't take} 40... Nxe3+ 41. Ke2 $19) 41. g4 Bxd4 {Accuracy: White = 34%, Black = 65%.} ({Don't play} 41... Rxe3 42. Kg2 $19) 0-1

[Event "V Sunway Sitges Open 2018"]
[Site "Sitges"]
[Date "2018.12.23"]
[Round "10"]
[White "Santos Latasa, Jaime"]
[Black "Beliavsky, Alexander G"]
[Result "1-0"]
[WhiteElo "2584"]
[BlackElo "2544"]
[Annotator "TA"]
[PlyCount "127"]
[EventDate "2018.12.14"]
[EventType "swiss"]
[EventCountry "ESP"]
[SourceTitle "playchess.com"]
[Source "ChessBase"]
[SourceQuality "1"]

{[%evp 23,127,64,49,45,41,18,28,32,20,22,55,43,54,44,89,52,55,33,45,30,70,59,66,56,62,52,47,49,55,32,32,32,50,35,39,39,37,34,34,38,37,36,43,36,36,31,29,27,49,52,93,87,206,202,212,191,172,168,204,204,204,175,179,179,177,170,229,174,223,220,425,472,542,535,543,505,668,675,654,647,634,634,605,569,2302,4847,4393,2688,3352,1618,6195,929,29957,29957,12822,10233,10233,8315,7222,5242,1874,521,29977,29978,29978,29978]} 1. Nf3 d5 2. g3 c6 3. Bg2 Nf6 4. O-O Bf5 5. c4 e6 6. cxd5 exd5 7. d3 Be7 8. Qb3 {A11: English Opening: 1...c6} (8. Qc2 O-O 9. Nc3 Na6 10. a3 d4 11. Nb1 c5 12. Bg5 h6 13. Bxf6 Bxf6 14. Nbd2 Rc8 15. Rfe1 Qd7 {½-½ (68) Duda,J (2717)-Naiditsch,A (2705) Riadh 2017}) 8... Qb6 9. Qc2 Nbd7 10. Nc3 O-O 11. e4 Bg6 12. Nh4 dxe4 {LiveBook: 5 Games} 13. dxe4 Rad8 14. Nxg6 hxg6 15. Be3 $146 Qa6 16. Rad1 Ng4 17. Bc1 Nc5 18. Bf3 Nf6 19. Be2 (19. e5 {seems wilder.} Nfd7 20. Be2 Qa5 21. f4 Ne6 22. Kg2) 19... Qa5 20. Bd2 {Nd5 is the strong threat.} Qc7 21. Bf4 Qc8 22. e5 Nd5 23. Nxd5 cxd5 24. Be3 b6 $1 25. b4 (25. a3 {keeps more tension.} Qe6 26. b4 Ne4 27. Bd4 a5 28. Qb3) 25... Ne6 26. Qxc8 Rxc8 27. a3 Rfd8 28. Ba6 Rc3 29. Rd3 Rxd3 30. Bxd3 Rc8 31. Rc1 Rxc1+ 32. Bxc1 $14 {[%mdl 4096] Endgame KBB-KBN} a5 33. bxa5 bxa5 34. Kf1 g5 35. Bb1 Kf8 36. Ba2 Nc7 37. a4 d4 (37... g4 $16) 38. Bc4 $1 $18 Bd8 39. Ba3+ Be7 {[#]} 40. Bb2 $1 Bc5 41. Ke2 d3+ 42. Bxd3 Ne6 43. Bc4 Ke7 44. h3 Bb6 (44... Nd4+ {keeps fighting.} 45. Kf1 Ne6) 45. Ba3+ Kd7 {[#]} 46. Bc1 $1 Bc7 $2 (46... Ke7 47. Kf3 Bd4) 47. Bxe6+ Kxe6 48. Bxg5 Bxe5 {KB-KB} 49. Kd3 Kd5 50. Bd8 Bd4 51. f3 Bf2 52. g4 Be1 53. h4 f5 54. gxf5 Ke5 55. Kc4 Kxf5 56. Kb5 (56. h5 $142 Ke6 57. Kb5) 56... g6 57. Bxa5 Bxh4 58. Bd2 Ke6 59. a5 Kd7 60. a6 {White wants to mate with a7.} Bf2 61. Bf4 Bg1 62. Bb8 Kc8 63. Bd6 Ba7 64. Kc6 {Precision: White = 86%, Black = 43%.} 1-0

[Event "V Sunway Sitges Open 2018"]
[Site "Sitges"]
[Date "2018.12.23"]
[Round "10"]
[White "Xu, Xiangyu"]
[Black "Keymer, Vincent"]
[Result "1-0"]
[WhiteElo "2565"]
[BlackElo "2508"]
[Annotator "TA"]
[PlyCount "149"]
[EventDate "2018.12.14"]
[EventType "swiss"]
[EventCountry "ESP"]
[SourceTitle "playchess.com"]
[Source "ChessBase"]
[SourceQuality "1"]

{[%evp 9,149,-4,8,16,33,31,41,40,37,11,43,33,62,50,88,90,126,102,118,101,216,210,207,0,0,0,0,0,0,0,0,0,0,0,0,0,128,127,111,35,49,41,41,39,38,13,11,10,18,16,31,31,22,36,91,0,8,0,0,0,12,13,29,29,45,45,74,74,84,87,91,83,90,83,83,83,83,83,83,83,84,83,83,83,83,83,83,70,72,70,83,70,83,83,83,83,83,83,83,83,83,83,83,83,84,83,83,83,83,83,352,347,365,365,363,363,339,287,283,276,331,277,365,363,310,305,429,419,453,451,445,445,443,419,427,425,5583,5206,1590,1099,970,944]} 1. e4 c5 2. Nc3 d6 3. d4 cxd4 4. Qxd4 Nf6 5. b3 g6 6. Bb2 {B23: Closed Sicilian: Lines without g3} Bg7 7. O-O-O O-O 8. Kb1 {White is slightly better.} Nc6 9. Qd2 a5 $146 ({Predecessor:} 9... a6 10. f3 b5 11. h4 {0-1 (35) Dubov,D (2703)-Alekseenko,K (2639) Sochi 2018}) 10. f3 Be6 11. Bb5 Qb6 12. Nge2 Rfc8 13. h4 h5 14. Nf4 Nb4 (14... a4 $16 {keeps fighting.}) 15. Nxe6 $18 fxe6 {[#]} 16. a3 $2 ({White should play} 16. Qe2 $1 $18) 16... Rxc3 $1 $11 17. Qxc3 Qxb5 18. axb4 axb4 19. Qc4 Qa5 20. Qxe6+ {[%mdl 64] Double Attack} Kf8 21. Kc1 $1 {Strongly threatening f4.} Bh6+ 22. Rd2 $1 Bxd2+ (22... Qc5 $1 $11 23. Kd1 (23. Bxf6 exf6 24. Qxf6+ {[%mdl 64] Double Attack} Kg8 $11) 23... Qe3 24. Rxd6 Ng4 25. fxg4 Ra1+ {[%mdl 64] Decoy} 26. Bxa1 Qc1+ {[%mdl 64] Double Attack} 27. Ke2 Qe3+ 28. Kf1 Qf4+ {[%mdl 64] Double Attack} 29. Kg1 Qe3+ 30. Kf1 Qf4+ {[%mdl 64] Double Attack} 31. Kg1 Qe3+ 32. Kf1) 23. Kxd2 $16 Qd8 24. g4 (24. Ra1 $16 Rxa1 25. Bxa1) 24... Qd7 $14 25. Qxd7 Nxd7 26. gxh5 gxh5 {[%mdl 4096] Endgame KRB-KRN} 27. f4 Nc5 28. e5 Kf7 29. Rg1 Ke6 30. exd6 exd6 31. Bd4 b6 (31... Kd5 $14 32. Bxc5 dxc5) 32. Rg6+ (32. Ke3 $16) 32... Kf5 33. Rg5+ Ke4 34. Bb2 Kxf4 {Hoping for ...Ne4+.} 35. Rxh5 Rg8 36. Rd5 Rg2+ 37. Kc1 Ne4 38. Bd4 Rh2 {[#]} 39. Kb2 $1 Rxh4 40. Rb5 Rh2 41. Rxb4 Kf5 42. Bxb6 d5 43. Ba7 Ke6 44. Rb7 Rg2 45. Rc7 Kd6 46. Bb6 Rg8 47. Rh7 Ng5 48. Bc7+ (48. Rh6+ {is more complex.} Kd7 49. b4 Ne4 50. Ba7 Nd6 51. Kb3) 48... Kc6 49. Re7 Rf8 50. Bg3 Ne4 51. Be5 Rf2 52. Re6+ Kd7 53. Rg6 Re2 54. Bd4 Rd2 55. Bg1 Rd1 56. Ba7 Re1 57. Rh6 Re2 58. Ra6 Kc7 59. Bd4 Nd6 $2 {[%mdl 8192]} (59... Rd2 $16) 60. Ra5 $18 Rd2 61. Rxd5 Kc6 62. Rc5+ Kb7 63. Bc3 Rg2 64. Re5 Kc6 65. Bd4 Nf7 66. Rc5+ Kd6 67. b4 {[%cal Bb3b4,Bb4b5,Bb5b6,Bb6b7][%mdl 32]} Ng5 (67... Rg4 $142 68. Kc3 Ke6) 68. Be5+ Ke6 69. Bf4 Nf3 70. b5 Rg4 71. Be3 Re4 72. Bf2 {White is clearly winning.} Re2 (72... Rb4+ $142 73. Kc3 Rb1) 73. b6 Ne5 74. b7 Nd7 75. Bg3 {Accuracy: White = 79%, Black = 41%.} 1-0

[Event "V Sunway Sitges Open 2018"]
[Site "Sitges"]
[Date "2018.12.23"]
[Round "10"]
[White "Kadric, Denis"]
[Black "Vasquez Schroeder, Rodrigo"]
[Result "1-0"]
[WhiteElo "2554"]
[BlackElo "2495"]
[Annotator "TA"]
[PlyCount "137"]
[EventDate "2018.12.14"]
[EventType "swiss"]
[EventCountry "ESP"]
[SourceTitle "playchess.com"]
[Source "ChessBase"]
[SourceQuality "1"]

{[%evp 30,137,26,18,30,24,16,18,33,8,33,11,0,0,50,39,60,63,61,79,52,43,134,128,121,119,109,91,104,46,47,56,57,48,63,37,256,15,15,8,8,0,80,59,86,29,29,37,14,27,25,25,96,105,145,53,47,33,39,40,33,0,8,0,14,0,8,8,8,8,8,8,8,8,14,0,8,8,8,8,64,157,64,64,64,68,94,93,75,83,112,120,135,135,29965,29968,5604,2320,1872,676,1098,1047,29985,29986,29986,29987,29987,29988,29988,29989]} 1. e4 c5 2. Nc3 Nc6 3. Nge2 d6 4. d4 cxd4 5. Nxd4 Nf6 6. Bc4 Qb6 7. Nb3 e6 8. O-O a6 9. Bd3 Be7 10. Be3 Qc7 11. f4 b5 12. Qf3 Bb7 13. Qh3 h5 14. Kh1 {B82: Sicilian Scheveningen: 6 f4} Nb4 15. a3 Nxd3 16. cxd3 {LiveBook: 4 Games. White has an edge.} Rc8 17. Rae1 {[#]} Qd7 $146 ({Predecessor:} 17... Ng4 18. Nd4 Nxe3 19. Rxe3 Qb6 20. Nde2 Kd8 21. Rg3 {½-½ (33) Andriasian,Z (2602)-Kryvoruchko,Y (2691) Gjakova 2016}) 18. Bd4 g6 19. Re2 Rh7 20. Bxf6 Bxf6 21. d4 Kf8 22. e5 dxe5 23. Nc5 Rxc5 $1 24. dxc5 exf4 25. Rxf4 Qd8 (25... Qe7 $1 $14) 26. Rf1 $16 Kg8 27. Ne4 Bxe4 28. Rxe4 Qd5 29. Qf3 (29. Re2 $16) 29... Bxb2 $14 30. Rb4 Be5 31. Qxd5 exd5 {[%mdl 4096] Endgame KRR-KRB} 32. Rd1 Bc3 $2 (32... f6 $14) 33. Rxd5 $2 (33. Rb3 $1 $18 {[%cal Rb3c3]} d4 34. c6) 33... Bxb4 $11 34. axb4 $18 {KR-KR} Kf8 35. Rd7 Ke8 (35... h4 $11 {remains equal.}) 36. Ra7 $16 h4 37. h3 (37. Rxa6 $16 Rh5 38. Rb6) 37... Rh5 $11 38. Rxa6 Rd5 39. Rb6 Rd1+ 40. Kh2 g5 (40... Kd7 $11) 41. Rxb5 $16 Rc1 {[#]} 42. Rb6 (42. c6 $1 $16 {[%mdl 512]}) 42... Ke7 $14 43. g4 hxg3+ 44. Kxg3 {aiming for h4.} f5 $1 45. c6 {Black should prevent b5.} Rc3+ 46. Kg2 Rc2+ 47. Kf1 Kd8 48. b5 Rb2 49. Rb8+ Kc7 $132 {[%mdl 2048] Black puts up resistance} 50. Rb7+ Kc8 51. Ke1 Rb3 52. b6 Rb2 53. Kf1 f4 54. Ke1 Rc2 (54... f3 $11) 55. Rc7+ Kb8 56. Kd1 $1 {[%cal Rd1c2]} Rb2 57. Rb7+ $1 Kc8 {[#]} 58. Kc1 $1 {[%cal Rc1b2]} Rb5 59. Kd2 Rb1 60. Kc2 Rb5 61. Kd3 {Kc4 is the strong threat.} Rb3+ $2 {[%mdl 8192]} (61... f3 $16 62. Ke3 Rb3+ 63. Kf2 Rc3) 62. Kc4 Rb2 63. Kc5 (63. Rc7+ $142 Kb8 64. Kc5 Rc2+ 65. Kd6 Rd2+ 66. Ke7) 63... Rc2+ $18 64. Kd6 (64. Kd5 $142) 64... Rd2+ 65. Ke5 {White threatens Ra7 and mate.} Rb2 66. Rf7 {[%cal Rf7f8] White mates.} Rxb6 67. Kd6 {[%cal Rf7f8]} Kb8 68. Kd7 Ka7 69. c7 {Precision: White = 50%, Black = 42%.} 1-0

[Event "V Sunway Sitges Open 2018"]
[Site "Sitges"]
[Date "2018.12.23"]
[Round "10"]
[White "Kelires, Andreas"]
[Black "Henderson de La Fuente, Lance"]
[Result "1/2-1/2"]
[WhiteElo "2535"]
[BlackElo "2484"]
[Annotator "TA"]
[PlyCount "199"]
[EventDate "2018.12.14"]
[EventType "swiss"]
[EventCountry "ESP"]
[SourceTitle "playchess.com"]
[Source "ChessBase"]
[SourceQuality "1"]

{[%evp 17,199,-3,32,40,41,36,49,33,21,26,21,20,37,25,66,64,83,65,94,80,79,84,105,104,104,120,115,64,64,67,72,72,71,61,73,64,123,118,252,243,264,188,175,184,171,175,175,175,503,202,197,187,199,191,188,181,163,81,81,81,236,35,35,35,120,37,120,120,155,155,155,155,155,155,155,155,155,155,155,155,155,100,155,155,155,155,155,155,155,100,155,100,155,155,155,155,155,155,155,155,155,155,155,0,155,100,155,0,155,155,155,155,155,155,155,155,155,155,155,155,155,155,155,155,155,155,155,155,155,0,155,0,155,155,155,0,155,155,155,155,155,155,155,155,155,155,155,155,155,155,155,0,155,155,155,155,155,155,155,155,155,93,155,93,155,155,155,155,155,0,155,0,155,155,155,0,155,0,155,0,155,0,155,0]} 1. d4 Nf6 2. c4 e6 3. g3 d5 4. Bg2 Bb4+ 5. Bd2 Be7 6. Nf3 O-O 7. O-O Nbd7 8. Qc2 c6 9. a4 {E11: Bogo-Indian} (9. Rd1 b6 10. Bf4 Bb7 11. Ne5 Rc8 12. Nc3 Nh5 13. Bc1 Nhf6 14. e4 Bb4 15. Bg5 Qc7 16. Nxd7 Nxd7 17. a3 Bxc3 18. Qxc3 dxc4 19. Bf4 Qd8 20. Bd6 {0-1 (76) Dominguez Perez,L (2739)-Caruana,F (2822) Saint Louis 2018}) 9... Ne4 {LiveBook: 3 Games} 10. a5 a6 $146 ({Predecessor:} 10... f5 11. Rc1 a6 12. Be1 Bd6 13. e3 Qf6 14. b4 dxc4 15. Na3 c3 16. Bxc3 Nxc3 17. Qxc3 {½-½ (31) Pustovoitova,D (2386)-Pogonina,N (2484) Novosibirsk 2016}) 11. Be3 {White is slightly better.} f5 12. Nbd2 g5 13. Nxe4 dxe4 14. Ne5 Bf6 15. f4 exf3 16. Nxf3 Qe7 17. Kh1 c5 18. Rad1 g4 19. Nh4 Bxh4 20. gxh4 Qxh4 21. Bf2 Qh6 22. Qd2 (22. dxc5 $16 {aiming for c6.} f4 23. Bg1) 22... Qxd2 $14 23. Rxd2 cxd4 24. Bxd4 Nb8 25. b4 Nc6 26. Bc3 Re8 (26... Rd8 $14) 27. b5 $36 {[%mdl 2048] White is in control.} axb5 (27... Nxa5 $16 28. Bxa5 axb5) 28. cxb5 $18 Ne7 {[#]} 29. a6 $1 {[%mdl 512]} Nd5 (29... bxa6 30. Bxa8) 30. Rxd5 $1 exd5 31. Bxd5+ {[%mdl 64] Double Attack} Be6 32. Bxb7 Rad8 $2 (32... Ra7 {is tougher.} 33. Bg2 Bc4) 33. b6 (33. a7 $142) 33... Rb8 34. Bc6 Rec8 35. a7 Rxb6 36. a8=Q {White wants to mate with Qa7.} Rbxc6 37. Qa5 (37. Qb7 $18 {[%csl Gc3][%cal Rb7g7] and White stays clearly on top.} Rxc3 38. Qe7) 37... Rxc3 $16 38. Qe5 R8c6 $2 {[#]} (38... Kf7 $16) 39. Rb1 $2 (39. e4 $1 $18) 39... Rc1+ $14 40. Rxc1 Rxc1+ {[%mdl 4096] Endgame KQ-KRB} 41. Kg2 Rc6 (41... Kf7 $14) 42. Kg3 $16 Bf7 43. Qxf5 Rg6 44. e4 Kg7 45. Qe5+ Kg8 46. Qb8+ Kg7 47. Qb2+ Kg8 48. Kf4 h6 49. Ke5 (49. Qb4 $142) 49... Kg7 (49... g3 $142 50. hxg3 Rxg3) 50. Kf5+ Kg8 51. Qb8+ Kg7 52. Qe5+ Kg8 {And now ...Rg5+ would win.} 53. Qd4 (53. Kf4 $142) 53... Kh7 (53... g3 $142 54. hxg3 Rxg3 55. Qd8+ Kh7) 54. Qd8 (54. Qa7 $142 Rg7 55. Kf6 Rg6+ 56. Kf5) 54... Kg7 (54... g3 $142 55. hxg3 Rxg3) 55. Kf4 Be6 56. Qd4+ Kg8 57. Qc3 Bf7 58. Kf5 Kh7 59. Qc7 Kg7 60. Qc3+ Kh7 $1 61. Qa1 (61. Qa3 $142) 61... Kg8 ({Black should play} 61... g3) 62. Qb2 $2 (62. Qa7 $16) 62... Kh7 $2 (62... Rg5+ $11 63. Kf4 Rg6) 63. e5 Be6+ 64. Kf4 Bf7 65. Qc3 Kg8 66. Qc8+ Kg7 67. Kf5 Rg5+ {[#]} 68. Ke4 $1 Rg6 69. Qd8 Be6 70. Kd4 Bf7 71. Kc5 Re6 72. Qd4 Kf8 73. Qd8+ Kg7 74. Qd4 Kf8 $1 75. Qf4 Rg6 76. Qd4 $2 (76. Qe4 $16) 76... Kg8 $2 (76... Re6 $1 $11) 77. Qd8+ Kg7 78. Kd4 Be6 79. Ke4 Bf7 80. Kf4 Be6 81. Kg3 Bf7 82. Qc7 Kg8 83. Qc3 Be6 84. Kf4 $2 (84. Qd4 $16) 84... Kg7 $2 ({Black should try} 84... Bf7 $1 $11) 85. Ke4 Kg8 86. Kd4 Bf7 87. Qe1 Kg7 88. Kc5 Kg8 89. Qb1 (89. Qe4 $142) 89... Kg7 (89... g3 $142) 90. Qb8 (90. Qb2 $142 {Strongly threatening e6+.} Kg8 91. Qb8+ Kg7 92. Kd4) 90... Re6 (90... g3 $142 91. hxg3 Rxg3) 91. Qb2 Kg8 92. Kd4 Rg6 93. Kc5 Re6 $1 94. Qd4 $2 (94. Qe2 $16) 94... Rg6 $2 ({Better is} 94... Kf8 $11) 95. Qd7 Re6 96. Qd8+ Kg7 $1 97. Qd4 Kf8 $1 98. Qd8+ Kg7 99. Qd4 Kf8 $1 100. Qd8+ $2 {Accuracy: White = 61%, Black = 52%.} (100. Kd5 $16) 1/2-1/2

[Event "V Sunway Sitges Open 2018"]
[Site "Sitges"]
[Date "2018.12.23"]
[Round "10"]
[White "Praggnanandhaa R"]
[Black "Nihal Sarin"]
[Result "1/2-1/2"]
[WhiteElo "2530"]
[BlackElo "2576"]
[Annotator "TA"]
[PlyCount "29"]
[EventDate "2018.12.14"]
[EventType "swiss"]
[EventCountry "ESP"]
[SourceTitle "playchess.com"]
[Source "ChessBase"]
[SourceQuality "1"]

{[%evp 15,20,7,10,8,9,0,7]} 1. Nf3 d5 2. e3 Nf6 3. c4 e6 4. b3 c5 5. Bb2 Nc6 6. cxd5 exd5 7. Be2 d4 {A13: English Opening: 1...e6} 8. Bb5 Bd6 {LiveBook: 4 Games. The position is equal.} 9. O-O {[%cal Re3d4]} O-O 10. h3 Bf5 {Predecessor:} 11. Bxc6 $146 bxc6 12. exd4 cxd4 13. Nxd4 Bd3 14. Re1 Bc5 15. Nxc6 {1-0 (41) Iturrizaga Bonelli,E (2624)-Kryvoruchko,Y (2703) Dubai 2018} 1/2-1/2